<?xml version="1.0" encoding="UTF-8"?>
<record
    xmlns:xsi="http://www.w3.org/2001/XMLSchema-instance"
    xsi:schemaLocation="http://www.loc.gov/MARC21/slim http://www.loc.gov/standards/marcxml/schema/MARC21slim.xsd"
    xmlns="http://www.loc.gov/MARC21/slim">

  <leader>00521nam a2200193 i 4500</leader>
  <controlfield tag="001">2-00302475</controlfield>
  <controlfield tag="003">PPAK</controlfield>
  <controlfield tag="005">20180728113234.0</controlfield>
  <controlfield tag="008">100127s        my a|||| |||||  |   may d</controlfield>
  <datafield tag="022" ind1=" " ind2=" ">
    <subfield code="a">1511-9599</subfield>
  </datafield>
  <datafield tag="040" ind1=" " ind2=" ">
    <subfield code="a">PPAK</subfield>
    <subfield code="b">eng</subfield>
    <subfield code="c">PPAK</subfield>
    <subfield code="e">rda</subfield>
  </datafield>
  <datafield tag="245" ind1="0" ind2="0">
    <subfield code="a">Dewan agama dan falsafah (Jan-Dis 2006)</subfield>
  </datafield>
  <datafield tag="264" ind1=" " ind2="1">
    <subfield code="a">Kuala Lumpur:</subfield>
    <subfield code="b">Dewan Bahasa dan Pustaka,</subfield>
  </datafield>
  <datafield tag="336" ind1=" " ind2=" ">
    <subfield code="2">rdacontent</subfield>
    <subfield code="a">text</subfield>
  </datafield>
  <datafield tag="337" ind1=" " ind2=" ">
    <subfield code="2">rdamedia</subfield>
    <subfield code="a">unmediated</subfield>
  </datafield>
  <datafield tag="338" ind1=" " ind2=" ">
    <subfield code="2">rdacarrier</subfield>
    <subfield code="a">volume</subfield>
  </datafield>
  <datafield tag="650" ind1="1" ind2="0">
    <subfield code="a">Islamic - Periodicals</subfield>
  </datafield>
  <datafield tag="942" ind1=" " ind2=" ">
    <subfield code="d">dc</subfield>
    <subfield code="c">SR</subfield>
  </datafield>
  <datafield tag="999" ind1=" " ind2=" ">
    <subfield code="c">168619</subfield>
    <subfield code="d">168619</subfield>
  </datafield>
  <datafield tag="952" ind1=" " ind2=" ">
    <subfield code="0">0</subfield>
    <subfield code="1">0</subfield>
    <subfield code="2">ddc</subfield>
    <subfield code="4">0</subfield>
    <subfield code="7">1</subfield>
    <subfield code="a">PPAK</subfield>
    <subfield code="b">PPAK</subfield>
    <subfield code="c">R</subfield>
    <subfield code="d">2010-01-27</subfield>
    <subfield code="e">MZI</subfield>
    <subfield code="g">35.00</subfield>
    <subfield code="l">0</subfield>
    <subfield code="o">R 297.05 DEW</subfield>
    <subfield code="p">A00602773</subfield>
    <subfield code="r">2018-07-12 00:00:00</subfield>
    <subfield code="t">2773</subfield>
    <subfield code="v">35.00</subfield>
    <subfield code="w">2018-07-12</subfield>
    <subfield code="y">SR</subfield>
  </datafield>
  <datafield tag="952" ind1=" " ind2=" ">
    <subfield code="0">0</subfield>
    <subfield code="1">0</subfield>
    <subfield code="2">ddc</subfield>
    <subfield code="4">0</subfield>
    <subfield code="7">1</subfield>
    <subfield code="a">PPAK</subfield>
    <subfield code="b">PPAK</subfield>
    <subfield code="c">R</subfield>
    <subfield code="d">2010-01-27</subfield>
    <subfield code="e">MZI</subfield>
    <subfield code="g">35.00</subfield>
    <subfield code="l">0</subfield>
    <subfield code="o">R 297.05 DEW</subfield>
    <subfield code="p">A00602774</subfield>
    <subfield code="r">2018-07-12 00:00:00</subfield>
    <subfield code="t">2774</subfield>
    <subfield code="v">35.00</subfield>
    <subfield code="w">2018-07-12</subfield>
    <subfield code="y">SR</subfield>
  </datafield>
  <datafield tag="952" ind1=" " ind2=" ">
    <subfield code="0">0</subfield>
    <subfield code="1">0</subfield>
    <subfield code="2">ddc</subfield>
    <subfield code="4">0</subfield>
    <subfield code="7">1</subfield>
    <subfield code="a">PPAK</subfield>
    <subfield code="b">PPAK</subfield>
    <subfield code="c">R</subfield>
    <subfield code="d">2010-01-27</subfield>
    <subfield code="e">MZI</subfield>
    <subfield code="g">35.00</subfield>
    <subfield code="l">0</subfield>
    <subfield code="o">R 297.05 DEW</subfield>
    <subfield code="p">A00602775</subfield>
    <subfield code="r">2018-07-12 00:00:00</subfield>
    <subfield code="t">2775</subfield>
    <subfield code="v">35.00</subfield>
    <subfield code="w">2018-07-12</subfield>
    <subfield code="y">SR</subfield>
  </datafield>
  <datafield tag="952" ind1=" " ind2=" ">
    <subfield code="0">0</subfield>
    <subfield code="1">0</subfield>
    <subfield code="2">ddc</subfield>
    <subfield code="4">0</subfield>
    <subfield code="7">1</subfield>
    <subfield code="a">SP</subfield>
    <subfield code="b">SP</subfield>
    <subfield code="c">R</subfield>
    <subfield code="d">2010-02-02</subfield>
    <subfield code="e">MZI</subfield>
    <subfield code="g">35.00</subfield>
    <subfield code="o">R 297.05 DEW</subfield>
    <subfield code="p">A00602820</subfield>
    <subfield code="r">2018-07-12 00:00:00</subfield>
    <subfield code="v">35.00</subfield>
    <subfield code="w">2018-07-12</subfield>
    <subfield code="y">SR</subfield>
  </datafield>
  <datafield tag="952" ind1=" " ind2=" ">
    <subfield code="0">0</subfield>
    <subfield code="1">0</subfield>
    <subfield code="2">ddc</subfield>
    <subfield code="4">0</subfield>
    <subfield code="7">1</subfield>
    <subfield code="a">SP</subfield>
    <subfield code="b">SP</subfield>
    <subfield code="c">R</subfield>
    <subfield code="d">2010-02-02</subfield>
    <subfield code="e">MZI</subfield>
    <subfield code="g">35.00</subfield>
    <subfield code="o">R 297.05 DEW</subfield>
    <subfield code="p">A00602821</subfield>
    <subfield code="r">2018-07-12 00:00:00</subfield>
    <subfield code="v">35.00</subfield>
    <subfield code="w">2018-07-12</subfield>
    <subfield code="y">SR</subfield>
  </datafield>
  <datafield tag="952" ind1=" " ind2=" ">
    <subfield code="0">0</subfield>
    <subfield code="1">0</subfield>
    <subfield code="2">ddc</subfield>
    <subfield code="4">0</subfield>
    <subfield code="7">1</subfield>
    <subfield code="a">BL</subfield>
    <subfield code="b">BL</subfield>
    <subfield code="c">R</subfield>
    <subfield code="d">2010-02-07</subfield>
    <subfield code="e">MZI</subfield>
    <subfield code="g">35.00</subfield>
    <subfield code="o">R 297.05 DEW</subfield>
    <subfield code="p">A00602900</subfield>
    <subfield code="r">2018-07-12 00:00:00</subfield>
    <subfield code="v">35.00</subfield>
    <subfield code="w">2018-07-12</subfield>
    <subfield code="y">SR</subfield>
  </datafield>
  <datafield tag="952" ind1=" " ind2=" ">
    <subfield code="0">0</subfield>
    <subfield code="1">0</subfield>
    <subfield code="2">ddc</subfield>
    <subfield code="4">0</subfield>
    <subfield code="7">1</subfield>
    <subfield code="a">KN</subfield>
    <subfield code="b">KN</subfield>
    <subfield code="c">R</subfield>
    <subfield code="d">2010-02-10</subfield>
    <subfield code="e">MZI</subfield>
    <subfield code="g">35.00</subfield>
    <subfield code="o">R 297.05 DEW</subfield>
    <subfield code="p">A00602928</subfield>
    <subfield code="r">2018-07-12 00:00:00</subfield>
    <subfield code="v">35.00</subfield>
    <subfield code="w">2018-07-12</subfield>
    <subfield code="y">SR</subfield>
  </datafield>
</record>
